[Event "25. Open Pula 2011"]
[Site "Pula CRO"]
[Date "2011.06.19"]
[Round "2.7"]
[White "Saric, Ante"]
[Black "Mestek, Igor"]
[Result "1-0"]
[WhiteElo "2489"]
[BlackElo "2160"]
[PlyCount "101"]
[EventDate "2011.06.18"]
[EventType "swiss"]
[EventRounds "9"]
[EventCountry "CRO"]
[Source "lmi"]
[SourceDate "2011.06.18"]

1. e4 Nf6 2. e5 Nd5 3. d4 d6 4. Nf3 g6 5. Be2 Bg7 6. O-O O-O 7. c4 Nb6 8. Nc3
Bg4 9. exd6 cxd6 10. Be3 Nc6 11. b3 d5 12. c5 Nc8 13. b4 Bxf3 14. Bxf3 e6 15.
b5 Na5 16. Be2 Ne7 17. Rc1 Nf5 18. Qd2 b6 19. Na4 Rb8 20. Bf4 Ra8 21. cxb6 Nxd4
22. Bc7 Qh4 23. Bd3 Nf3+ 24. gxf3 Qxa4 25. bxa7 Rxa7 26. b6 Raa8 27. Qe2 Nc6
28. b7 Nd4 29. Qd1 Qxa2 30. bxa8=Q Rxa8 31. Kh1 Qb2 32. Rb1 Qc3 33. Bb6 Be5 34.
Rc1 Qb2 35. Rb1 Qc3 36. Re1 Bd6 37. Re3 Bf4 38. Qe1 Qxe1+ 39. Rexe1 Nxf3 40.
Ra1 Rc8 41. Reb1 e5 42. Be3 Bxe3 43. fxe3 Rc3 44. Rd1 d4 45. exd4 Nxd4 46. Ra5
Nc6 47. Ra8+ Kg7 48. Rc8 f5 49. Bb5 Nd4 50. Rxc3 Nxb5 51. Rc5 1-0

[Event "25. Open Pula 2011"]
[Site "Pula CRO"]
[Date "2011.06.19"]
[Round "2.8"]
[White "Radovic, Stefan"]
[Black "Tratar, Marko"]
[Result "0-1"]
[WhiteElo "2161"]
[BlackElo "2489"]
[PlyCount "76"]
[EventDate "2011.06.18"]
[EventType "swiss"]
[EventRounds "9"]
[EventCountry "CRO"]
[Source "lmi"]
[SourceDate "2011.06.18"]

1. c4 e5 2. g3 Nc6 3. Bg2 Bc5 4. Nc3 d6 5. e3 Nge7 6. Nge2 a6 7. a3 O-O 8. b4
Ba7 9. Bb2 Be6 10. Nd5 Qd7 11. O-O Bg4 12. Re1 Nxd5 13. cxd5 Ne7 14. d4 Ng6 15.
Qd2 Rae8 16. Rac1 Re7 17. Rc4 e4 18. Rec1 Bb8 19. Nc3 Bf3 20. Bxf3 exf3 21. Qd1
Qg4 22. h3 Qh5 23. b5 f5 24. Kh2 f4 25. exf4 axb5 26. Rb4 Nxf4 27. gxf4 Rxf4
28. Qg1 c5 29. Rxb5 cxd4 30. Qg3 Rf6 31. Nd1 Bc7 32. Rxb7 Rg6 33. Rb8+ Bxb8 34.
Rc8+ Kf7 35. Qf4+ Rf6 36. Qxd4 Ba7 37. Qc3 Rg6 38. Ne3 Bxe3 0-1

[Event "25. Open Pula 2011"]
[Site "Pula CRO"]
[Date "2011.06.19"]
[Round "2.9"]
[White "Drazic, Sinisa"]
[Black "Valenti, Giuseppe"]
[Result "1-0"]
[WhiteElo "2486"]
[BlackElo "2155"]
[PlyCount "57"]
[EventDate "2011.06.18"]
[EventType "swiss"]
[EventRounds "9"]
[EventCountry "CRO"]
[Source "lmi"]
[SourceDate "2011.06.18"]

1. d4 d6 2. Nf3 g6 3. e4 Bg7 4. Nc3 c6 5. Be3 Nf6 6. h3 b5 7. Bd3 a6 8. a4 b4
9. Ne2 a5 10. c3 bxc3 11. bxc3 Qc7 12. O-O Nbd7 13. Nd2 O-O 14. Qc2 Bb7 15. f4
e5 16. Rf2 Rfe8 17. fxe5 dxe5 18. Raf1 Ba6 19. Bg5 Bxd3 20. Qxd3 Re6 21. Nc4
Rf8 22. d5 cxd5 23. exd5 e4 24. Qd1 Ra6 25. Ne3 Nh5 26. Be7 Re8 27. d6 Qc5 28.
Qd5 Qxd5 29. Nxd5 1-0

[Event "25. Open Pula 2011"]
[Site "Pula CRO"]
[Date "2011.06.19"]
[Round "2.14"]
[White "Kersic, Matej"]
[Black "Genocchio, Daniele"]
[Result "0-1"]
[WhiteElo "2151"]
[BlackElo "2431"]
[PlyCount "134"]
[EventDate "2011.06.18"]
[EventType "swiss"]
[EventRounds "9"]
[EventCountry "CRO"]
[Source "lmi"]
[SourceDate "2011.06.18"]

1. e4 c5 2. Nf3 Nc6 3. d4 cxd4 4. Nxd4 Nf6 5. Nc3 e5 6. Ndb5 d6 7. Bg5 a6 8.
Na3 b5 9. Nd5 Be7 10. Bxf6 Bxf6 11. c3 Bg5 12. Nc2 O-O 13. Bd3 Rb8 14. O-O Be6
15. Ncb4 Nxb4 16. Nxb4 Qb6 17. Bc2 a5 18. Nd5 Qb7 19. a3 Bxd5 20. Qxd5 Qxd5 21.
exd5 Rfc8 22. Bb3 f5 23. Rfb1 h5 24. Kf1 g6 25. g3 h4 26. Ke2 Kg7 27. f3 Rh8
28. Rh1 Bd8 29. g4 Bb6 30. h3 Kf6 31. Kf1 Kg5 32. Kg2 Rhe8 33. Rhf1 Be3 34.
Rfe1 Bf4 35. Re2 Re7 36. Bc2 Rc7 37. Bb3 Bg3 38. Rb1 Rf8 39. a4 Rb8 40. Rd1 b4
41. c4 Bf4 42. Rc2 Be3 43. Rd3 Bc5 44. Re2 Ba7 45. Ba2 Rf8 46. b3 Rcf7 47. Bb1
e4 48. f4+ Kxf4 49. Rd1 Kg5 50. Rf1 Bd4 51. Bc2 fxg4 52. Rxf7 Rxf7 53. Bxe4
gxh3+ 54. Kxh3 Kh5 55. Rd2 Bc5 56. Bc2 Rf3+ 57. Kh2 Rf2+ 58. Rxf2 Bxf2 59. Kh3
Kg5 60. Bd3 Bc5 61. Bc2 Kf4 62. Bxg6 Ke3 63. Kxh4 Kd2 64. Kg4 Kc3 65. Kf3 Kxb3
66. Ke2 Kxa4 67. Bc2+ b3 0-1

[Event "25. Open Pula 2011"]
[Site "Pula CRO"]
[Date "2011.06.19"]
[Round "2.15"]
[White "Zelbel, Patrick"]
[Black "Havas, Janko"]
[Result "1-0"]
[WhiteElo "2428"]
[BlackElo "2135"]
[PlyCount "71"]
[EventDate "2011.06.18"]
[EventType "swiss"]
[EventRounds "9"]
[EventCountry "CRO"]
[Source "lmi"]
[SourceDate "2011.06.18"]

1. e4 c5 2. c3 d5 3. exd5 Qxd5 4. Nf3 Nc6 5. Na3 Bg4 6. Be2 e6 7. d3 Nf6 8. Nc4
Bh5 9. Qa4 Rc8 10. O-O Be7 11. Bf4 O-O 12. Rad1 Rfd8 13. Rfe1 Qd7 14. Qb3 Bxf3
15. Bxf3 Nd5 16. Bg3 Bf8 17. h3 Be7 18. a4 h6 19. Ne3 Nxe3 20. fxe3 b6 21. e4
Bd6 22. e5 Bf8 23. Bh4 Be7 24. Bf2 Qc7 25. Bg3 Qd7 26. Qc4 Na5 27. Qg4 c4 28.
d4 Qxa4 29. Bf4 Kf8 30. Rf1 g5 31. Be4 Qd7 32. Be3 Ke8 33. Rxf7 Qa4 34. Rdf1
Rc6 35. Qh5 Rc7 36. Rxe7+ 1-0

[Event "25. Open Pula 2011"]
[Site "Pula CRO"]
[Date "2011.06.19"]
[Round "2.16"]
[White "Stueckler, Ferdinand"]
[Black "Bellia, Fabrizio"]
[Result "0-1"]
[WhiteElo "2136"]
[BlackElo "2415"]
[PlyCount "60"]
[EventDate "2011.06.18"]
[EventType "swiss"]
[EventRounds "9"]
[EventCountry "CRO"]
[Source "lmi"]
[SourceDate "2011.06.18"]

1. c4 c5 2. Nc3 Nc6 3. g3 g6 4. Bg2 Bg7 5. e3 e5 6. Nge2 Nge7 7. O-O O-O 8. b3
d6 9. Bb2 Rb8 10. Nd5 Nxd5 11. cxd5 Ne7 12. d4 exd4 13. exd4 b6 14. Qd2 Ba6 15.
Rfe1 Bxe2 16. Rxe2 Nf5 17. dxc5 Bxb2 18. Qxb2 bxc5 19. Rae1 Rb7 20. Re4 a5 21.
h4 Nd4 22. h5 a4 23. hxg6 hxg6 24. Rxd4 cxd4 25. Qxd4 axb3 26. axb3 Rxb3 27.
Re4 Qg5 28. Bh3 Rb5 29. Rh4 Qe5 30. Qd2 Rxd5 0-1

[Event "25. Open Pula 2011"]
[Site "Pula CRO"]
[Date "2011.06.19"]
[Round "2.17"]
[White "Mencinger, Vojko"]
[Black "Mayr, Thomas"]
[Result "1-0"]
[WhiteElo "2399"]
[BlackElo "2127"]
[PlyCount "43"]
[EventDate "2011.06.18"]
[EventType "swiss"]
[EventRounds "9"]
[EventCountry "CRO"]
[Source "lmi"]
[SourceDate "2011.06.18"]

1. e4 e5 2. Nf3 Nc6 3. Bb5 f5 4. Nc3 Nf6 5. exf5 Be7 6. O-O O-O 7. Bxc6 dxc6 8.
Nxe5 Bxf5 9. d4 Bd6 10. Qe2 Re8 11. Bg5 Qc8 12. f4 c5 13. dxc5 Bxc5+ 14. Kh1
Bd6 15. Rae1 h6 16. Bxf6 gxf6 17. Qh5 fxe5 18. fxe5 Bxe5 19. Nd5 c6 20. Rxf5
cxd5 21. Rfxe5 Rxe5 22. Qg6+ 1-0

[Event "25. Open Pula 2011"]
[Site "Pula CRO"]
[Date "2011.06.19"]
[Round "2.18"]
[White "Jokovic, Dusan"]
[Black "Skytte, Rasmus"]
[Result "0-1"]
[WhiteElo "2133"]
[BlackElo "2399"]
[PlyCount "62"]
[EventDate "2011.06.18"]
[EventType "swiss"]
[EventRounds "9"]
[EventCountry "CRO"]
[Source "lmi"]
[SourceDate "2011.06.18"]

1. d4 Nf6 2. c4 c5 3. d5 b5 4. cxb5 a6 5. Nc3 axb5 6. e4 b4 7. Nb5 d6 8. Bf4 g5
9. e5 gxf4 10. exf6 exf6 11. Ne2 Bh6 12. Qc1 Qe7 13. f3 Ba6 14. a4 O-O 15. Rb1
Nd7 16. Qd2 Nb6 17. b3 Bb7 18. Kf2 Nxd5 19. Re1 Rfe8 20. Nc1 Qe3+ 21. Qxe3
fxe3+ 22. Kg3 Rad8 23. Bc4 Re5 24. h4 f5 25. Nd3 f4+ 26. Kh2 Rh5 27. g3 fxg3+
28. Kxg3 Kh8 29. Rhg1 Rf5 30. Rgf1 Rg8+ 31. Kh3 Bc8 0-1

[Event "25. Open Pula 2011"]
[Site "Pula CRO"]
[Date "2011.06.19"]
[Round "2.19"]
[White "Rogulj, Branko"]
[Black "Babic, Zvonko"]
[Result "1-0"]
[WhiteElo "2390"]
[BlackElo "2124"]
[PlyCount "133"]
[EventDate "2011.06.18"]
[EventType "swiss"]
[EventRounds "9"]
[EventCountry "CRO"]
[Source "lmi"]
[SourceDate "2011.06.18"]

1. e4 e5 2. Nf3 Nf6 3. Nxe5 d6 4. Nf3 Nxe4 5. d4 d5 6. Bd3 Nc6 7. O-O Be7 8. c4
Nb4 9. Be2 O-O 10. Nc3 Bf5 11. a3 Nxc3 12. bxc3 Nc6 13. cxd5 Qxd5 14. Bf4 Rac8
15. c4 Qe4 16. Be3 Bf6 17. Ra2 Rcd8 18. Rd2 Qe7 19. Qb3 b6 20. h3 Na5 21. Qb5
Be4 22. c5 Nc6 23. Rfd1 bxc5 24. dxc5 Rxd2 25. Rxd2 Rb8 26. Qa4 Rb1+ 27. Rd1
Rb2 28. Qa6 h6 29. Nd2 Bc2 30. Qxc6 Bxd1 31. Bxd1 Qd8 32. Bf3 Bg5 33. Bxg5 hxg5
34. Ne4 Qe7 35. Qd5 Rc2 36. g4 Rb2 37. Kg2 Rb8 38. Nxg5 Rd8 39. Qf5 g6 40. Qf4
Kg7 41. Ne4 f6 42. c6 Rd4 43. h4 Qe5 44. Qxe5 fxe5 45. Nc5 Kf6 46. Na6 e4 47.
Be2 Rd2 48. Kf1 Ke5 49. Nxc7 Kd6 50. Nb5+ Kxc6 51. Nxa7+ Kd5 52. Nb5 Ke5 53. h5
gxh5 54. gxh5 Kf4 55. Ke1 e3 56. Nc3 Rd6 57. a4 exf2+ 58. Kxf2 Rc6 59. Nd5+ Kg5
60. Ke3 Rc5 61. Kd4 Rc2 62. Nc3 Kf4 63. h6 Rd2+ 64. Bd3 Rh2 65. h7 Kg5 66. a5
Rh6 67. Nd5 1-0

[Event "25. Open Pula 2011"]
[Site "Pula CRO"]
[Date "2011.06.19"]
[Round "2.20"]
[White "Kalinski, Krunoslav"]
[Black "Loncar, Robert"]
[Result "0-1"]
[WhiteElo "2129"]
[BlackElo "2388"]
[PlyCount "58"]
[EventDate "2011.06.18"]
[EventType "swiss"]
[EventRounds "9"]
[EventCountry "CRO"]
[Source "lmi"]
[SourceDate "2011.06.18"]

1. d4 Nf6 2. c4 e6 3. Nc3 Bb4 4. e3 O-O 5. Bd3 d5 6. Nge2 dxc4 7. Bxc4 a6 8.
O-O b5 9. Bd3 Bb7 10. Qb3 c5 11. a4 bxa4 12. Rxa4 Bc6 13. Ra1 Nbd7 14. Rd1 a5
15. f3 Qb6 16. Bc4 cxd4 17. Nxd4 Nc5 18. Qc2 Bd7 19. Qf2 Rac8 20. Ba2 Bxc3 21.
bxc3 Na4 22. Ba3 Nxc3 23. Rd2 Rfe8 24. Bb1 Nxb1 25. Rb2 Rc1+ 26. Qf1 Rxf1+ 27.
Kxf1 Qa6+ 28. Kf2 Nxa3 29. Rxa3 a4 0-1

[Event "25. Open Pula 2011"]
[Site "Pula CRO"]
[Date "2011.06.19"]
[Round "2.21"]
[White "Bodiroga, Predrag"]
[Black "Grguric, Dragan"]
[Result "1-0"]
[WhiteElo "2384"]
[BlackElo "2122"]
[PlyCount "81"]
[EventDate "2011.06.18"]
[EventType "swiss"]
[EventRounds "9"]
[EventCountry "CRO"]
[Source "lmi"]
[SourceDate "2011.06.18"]

1. d4 Nf6 2. c4 g6 3. Nc3 Bg7 4. e4 d6 5. h3 O-O 6. Nf3 c5 7. d5 e6 8. Bd3 exd5
9. cxd5 Re8 10. O-O a6 11. a4 Nbd7 12. Bf4 Qc7 13. Re1 Ne5 14. Nxe5 dxe5 15.
Be3 Rb8 16. Qd2 Nh5 17. Ne2 b5 18. axb5 axb5 19. Rec1 Bf8 20. b3 f5 21. f3 Bd6
22. Qc2 fxe4 23. Bxe4 Bd7 24. Bxc5 Rec8 25. b4 Qd8 26. Qd2 Qf8 27. Qe3 Ra8 28.
Rxa8 Rxa8 29. Bxd6 Qxd6 30. Qc5 Qa6 31. d6 Re8 32. Qd5+ Kf8 33. Rc7 Nf6 34. Qc5
Qa1+ 35. Kh2 Qd1 36. Nc3 Qd4 37. Nd5 Nxd5 38. Rxd7 Ne3 39. Qxd4 exd4 40. Rxh7
Rd8 41. Rh8+ 1-0

[Event "25. Open Pula 2011"]
[Site "Pula CRO"]
[Date "2011.06.19"]
[Round "2.22"]
[White "Saradjen, Janko"]
[Black "Franic, Milan"]
[Result "0-1"]
[WhiteElo "2126"]
[BlackElo "2381"]
[PlyCount "88"]
[EventDate "2011.06.18"]
[EventType "swiss"]
[EventRounds "9"]
[EventCountry "CRO"]
[Source "lmi"]
[SourceDate "2011.06.18"]

1. g3 d5 2. Bg2 Nf6 3. d3 c5 4. Nc3 Nc6 5. Bg5 e6 6. e4 d4 7. Nce2 Be7 8. h3 e5
9. f4 Nd7 10. Bxe7 Qxe7 11. Nf3 f6 12. O-O O-O 13. c3 Nb6 14. f5 Bd7 15. Rb1
Kh8 16. g4 Nc8 17. Nh4 Nd6 18. cxd4 cxd4 19. Qe1 Be8 20. Nf3 a5 21. a3 a4 22.
h4 Na5 23. Qb4 Bb5 24. Rfd1 Rfc8 25. g5 Rc2 26. Nexd4 exd4 27. Nxd4 Nc6 28.
Nxc6 bxc6 29. Rbc1 c5 30. Qe1 Rxc1 31. Rxc1 Qe5 32. Qf2 Rc8 33. Rc3 Qd4 34. Bf3
Kg8 35. Kg2 Kf8 36. gxf6 gxf6 37. Qd2 Rc7 38. Kh3 Rg7 39. Rc1 Bxd3 40. Qf4 c4
41. Rh1 Qe5 42. Qxe5 fxe5 43. Rh2 Nxe4 44. Bd1 Bf1+ 0-1

[Event "25. Open Pula 2011"]
[Site "Pula CRO"]
[Date "2011.06.19"]
[Round "2.23"]
[White "Biti, Ozren"]
[Black "Klem, Davor"]
[Result "1-0"]
[WhiteElo "2378"]
[BlackElo "2120"]
[PlyCount "41"]
[EventDate "2011.06.18"]
[EventType "swiss"]
[EventRounds "9"]
[EventCountry "CRO"]
[Source "lmi"]
[SourceDate "2011.06.18"]

1. e4 Nc6 2. Nf3 e5 3. Bc4 Nf6 4. d3 Bc5 5. c3 O-O 6. Bb3 d5 7. Nbd2 dxe4 8.
dxe4 Bg4 9. h3 Bh5 10. Qe2 Qe7 11. Nf1 Rad8 12. Ng3 Bg6 13. Bg5 h6 14. Nh4 Bxe4
15. Nxe4 hxg5 16. Ng6 Qd7 17. Nxc5 Qf5 18. Nxf8 Kxf8 19. Qc4 Nd5 20. Qe4 Qxe4+
21. Nxe4 1-0

[Event "25. Open Pula 2011"]
[Site "Pula CRO"]
[Date "2011.06.19"]
[Round "2.24"]
[White "Exler, Veronika"]
[Black "Tjomsland, Stig"]
[Result "1/2-1/2"]
[WhiteElo "2119"]
[BlackElo "2378"]
[PlyCount "102"]
[EventDate "2011.06.18"]
[EventType "swiss"]
[EventRounds "9"]
[EventCountry "CRO"]
[Source "lmi"]
[SourceDate "2011.06.18"]

1. e4 e5 2. Nf3 Nc6 3. Bb5 Nf6 4. O-O Nxe4 5. d4 Nd6 6. dxe5 Nxb5 7. a4 Nbd4 8.
Nxd4 Nxd4 9. Qxd4 d5 10. exd6 Qxd6 11. Qe3+ Be7 12. Nc3 c6 13. Re1 Be6 14. Ne4
Qb4 15. b3 Qa5 16. Bb2 O-O 17. Qg3 f6 18. Bc3 Qf5 19. Qc7 Bd8 20. Qxb7 Bb6 21.
a5 Rab8 22. Qa6 Bc8 23. Qc4+ Be6 24. Qe2 Bc7 25. Nxf6+ Kf7 26. g4 Bxh2+ 27. Kf1
Qb5 28. Nxh7 Rfe8 29. Qxb5 Rxb5 30. Bd2 Bxg4 31. Rxe8 Kxe8 32. Re1+ Kd7 33. Kg2
Bd6 34. Ng5 Bf5 35. Ne4 Be7 36. f3 a6 37. Bc3 g5 38. Bd2 Rd5 39. Re2 g4 40. c4
Rd3 41. Be3 Rxb3 42. Nd2 Rb2 43. fxg4 Bxg4 44. Rf2 Bb4 45. Ne4 Rxf2+ 46. Kxf2
Kc7 47. Bb6+ Kb7 48. Ke3 Bf5 49. Nc5+ Bxc5+ 50. Bxc5 Be6 51. Kd4 Bf7 1/2-1/2

[Event "25. Open Pula 2011"]
[Site "Pula CRO"]
[Date "2011.06.19"]
[Round "2.25"]
[White "Feletar, Darko"]
[Black "Raljic, Mirko"]
[Result "1-0"]
[WhiteElo "2377"]
[BlackElo "2119"]
[PlyCount "75"]
[EventDate "2011.06.18"]
[EventType "swiss"]
[EventRounds "9"]
[EventCountry "CRO"]
[Source "lmi"]
[SourceDate "2011.06.18"]

1. d4 Nf6 2. c4 b6 3. Nc3 Bb7 4. d5 e6 5. a3 Bd6 6. Nf3 exd5 7. cxd5 O-O 8. Bg5
h6 9. Bh4 Re8 10. e3 c6 11. Bc4 Ba6 12. Qe2 Bxc4 13. Qxc4 b5 14. Qd4 Na6 15.
Bxf6 Qxf6 16. Qxf6 gxf6 17. O-O-O Bf8 18. Nd4 b4 19. axb4 Nxb4 20. dxc6 dxc6
21. Nc2 a5 22. Rd7 Rad8 23. Rhd1 Be7 24. Ne4 Kg7 25. Rxd8 Rxd8 26. Rxd8 Bxd8
27. Nxb4 axb4 28. Kc2 f5 29. Nc5 Be7 30. Nd3 Kf6 31. Kb3 Ke6 32. Kc4 Kd6 33.
Nxb4 Bf6 34. b3 h5 35. Nc2 c5 36. Ne1 Bb2 37. Nd3 Ba3 38. h4 1-0

[Event "25. Open Pula 2011"]
[Site "Pula CRO"]
[Date "2011.06.19"]
[Round "2.27"]
[White "Vasic, Bosko"]
[Black "Szamoskozi, Gabor"]
[Result "0-1"]
[WhiteElo "2116"]
[BlackElo "2355"]
[PlyCount "116"]
[EventDate "2011.06.18"]
[EventType "swiss"]
[EventRounds "9"]
[EventCountry "CRO"]
[Source "lmi"]
[SourceDate "2011.06.18"]

1. d4 Nf6 2. Nf3 c5 3. d5 e6 4. Nc3 exd5 5. Nxd5 Nxd5 6. Qxd5 Be7 7. g3 Nc6 8.
Bg2 d6 9. O-O Be6 10. Qd1 O-O 11. h3 h6 12. e4 Qd7 13. Kh2 Rfd8 14. Qe2 Rab8
15. a4 Bf6 16. Rd1 Qc7 17. c3 Na5 18. Nd2 Re8 19. f4 Rbd8 20. Ra3 Qb6 21. Re1
g6 22. h4 h5 23. Bf3 Kg7 24. Qg2 Qc7 25. Ra1 a6 26. Be2 Bd7 27. Qf1 Bc6 28. Bd3
Qc8 29. Bc2 Bd7 30. Nf3 Bg4 31. Be3 Nc4 32. Bc1 b5 33. axb5 axb5 34. Ng5 Qb7
35. Bd3 d5 36. e5 Bxg5 37. hxg5 b4 38. cxb4 Qxb4 39. Qf2 Re7 40. Rf1 Bf5 41.
Bxf5 gxf5 42. Rd1 Qb3 43. Qe2 Kg6 44. Rd3 Qb7 45. Qc2 Qb5 46. Kh3 Re6 47. Kh4
Nb6 48. Qd1 d4 49. Ra7 Rd7 50. Rxd7 Nxd7 51. Qxh5+ Kg7 52. Qf3 Qc4 53. Bd2 Re8
54. g4 fxg4 55. Kxg4 Rxe5 56. Kg3 Rf5 57. Qe4 Qd5 58. Kf3 Ne5+ 0-1

[Event "25. Open Pula 2011"]
[Site "Pula CRO"]
[Date "2011.06.19"]
[Round "2.29"]
[White "Toefferl, Heimo"]
[Black "Mazi, Leon"]
[Result "0-1"]
[WhiteElo "2114"]
[BlackElo "2353"]
[PlyCount "92"]
[EventDate "2011.06.18"]
[EventType "swiss"]
[EventRounds "9"]
[EventCountry "CRO"]
[Source "lmi"]
[SourceDate "2011.06.18"]

1. d4 Nf6 2. c4 g6 3. Nc3 Bg7 4. e4 d6 5. Be2 O-O 6. Bg5 c6 7. h4 Qa5 8. Qc2 a6
9. Nf3 b5 10. Nd2 Nbd7 11. g4 c5 12. d5 Ne5 13. f3 Rb8 14. Nb3 Qb6 15. cxb5 c4
16. Nd2 axb5 17. Nd1 e6 18. Be3 Qb7 19. dxe6 Bxe6 20. Nf2 d5 21. Bf4 Nfd7 22.
exd5 Bxd5 23. Rh3 Nc5 24. Rd1 Rfe8 25. Kf1 Ne6 26. Be3 Nc6 27. Nde4 Ned4 28.
Qc1 Nxe2 29. Kxe2 Bxe4 30. Nxe4 Qe7 31. Kf2 Ne5 32. Bf4 Rbd8 33. Rxd8 Rxd8 34.
Bxe5 Qxe5 35. b3 c3 36. g5 Qd4+ 37. Kg2 Qd1 38. Rh1 Qe2+ 39. Nf2 Rd2 40. Qe1
Bd4 41. Qxe2 Rxe2 42. a4 Rxf2+ 43. Kg3 bxa4 44. bxa4 Ra2 45. h5 c2 46. h6 Ra1
0-1

[Event "25. Open Pula 2011"]
[Site "Pula CRO"]
[Date "2011.06.19"]
[Round "2.30"]
[White "Jeraj, Zlatko"]
[Black "Aguera Naredo, Javier"]
[Result "0-1"]
[WhiteElo "2110"]
[BlackElo "2353"]
[PlyCount "50"]
[EventDate "2011.06.18"]
[EventType "swiss"]
[EventRounds "9"]
[EventCountry "CRO"]
[Source "lmi"]
[SourceDate "2011.06.18"]

1. d4 Nf6 2. c4 g6 3. Nc3 Bg7 4. e4 d6 5. f3 O-O 6. Be3 a6 7. Qd2 Nbd7 8. O-O-O
c6 9. Bh6 b5 10. Bxg7 Kxg7 11. e5 Ne8 12. g4 Qa5 13. h4 h6 14. h5 g5 15. f4
gxf4 16. Qxf4 b4 17. g5 bxc3 18. gxh6+ Kh8 19. Bd3 Qxa2 20. Rh2 Rb8 21. bxc3
Qa3+ 22. Kd2 Rb2+ 23. Bc2 dxe5 24. dxe5 Nc5 25. Nf3 Rxc2+ 0-1

[Event "25. Open Pula 2011"]
[Site "Pula CRO"]
[Date "2011.06.20"]
[Round "3.1"]
[White "Kovacevic, Aleksandar"]
[Black "Havas, Ladislav"]
[Result "1-0"]
[WhiteElo "2575"]
[BlackElo "2280"]
[PlyCount "81"]
[EventDate "2011.06.18"]
[EventType "swiss"]
[EventRounds "9"]
[EventCountry "CRO"]
[Source "lmi"]
[SourceDate "2011.06.18"]

1. e4 c5 2. Nf3 d6 3. d4 cxd4 4. Nxd4 Nf6 5. Nc3 g6 6. Be3 Bg7 7. f3 Nc6 8. Qd2
O-O 9. g4 Be6 10. Nxe6 fxe6 11. O-O-O Ne5 12. Be2 Rc8 13. Nb5 Qd7 14. Nd4 Nc4
15. Bxc4 Rxc4 16. Kb1 b5 17. h4 Rfc8 18. c3 a5 19. Rc1 e5 20. Nc2 Qb7 21. h5 b4
22. cxb4 d5 23. h6 d4 24. hxg7 dxe3 25. Nxe3 Rxc1+ 26. Rxc1 Rxc1+ 27. Qxc1 Qxb4
28. g5 Nh5 29. Nd5 Qd6 30. Qc3 Nxg7 31. Qxa5 Ne6 32. Qd2 Kf7 33. a3 Qc5 34. a4
Qg1+ 35. Ka2 Nxg5 36. a5 Ne6 37. Ne3 Nc7 38. Qc3 Na8 39. Ng4 h5 40. Nxe5+ Ke6
41. f4 1-0

[Event "25. Open Pula 2011"]
[Site "Pula CRO"]
[Date "2011.06.20"]
[Round "3.2"]
[White "Zsinka, Laszlo"]
[Black "Zelcic, Robert"]
[Result "0-1"]
[WhiteElo "2285"]
[BlackElo "2557"]
[PlyCount "80"]
[EventDate "2011.06.18"]
[EventType "swiss"]
[EventRounds "9"]
[EventCountry "CRO"]
[Source "lmi"]
[SourceDate "2011.06.18"]

1. d4 Nf6 2. c4 e6 3. Nc3 Bb4 4. e3 b6 5. Bd3 Bb7 6. f3 c5 7. a3 cxd4 8. axb4
dxc3 9. bxc3 Nc6 10. Nh3 Ne5 11. Be2 Qc7 12. Qd4 O-O 13. c5 bxc5 14. bxc5 Rfc8
15. Ba3 Nc6 16. Qd2 Na5 17. Rb1 Bd5 18. O-O Bc4 19. Rfe1 Bxe2 20. Qxe2 Nb7 21.
c4 Nxc5 22. Bb2 e5 23. f4 d6 24. Ng5 Ncd7 25. Rbc1 h6 26. Nf3 exf4 27. exf4
Rab8 28. Bd4 Rb4 29. Nd2 d5 30. Bxf6 Nxf6 31. cxd5 Qxc1 32. Rxc1 Rxc1+ 33. Kf2
Rxf4+ 34. Kg3 g5 35. h3 Rc2 36. Kh2 Rd4 37. Qe5 Rdxd2 38. Qxf6 Rxg2+ 39. Kh1
Rgf2 40. Qd8+ Kg7 0-1

[Event "25. Open Pula 2011"]
[Site "Pula CRO"]
[Date "2011.06.20"]
[Round "3.4"]
[White "Kelecevic, Nedeljko"]
[Black "Popovic, Dusan"]
[Result "0-1"]
[WhiteElo "2279"]
[BlackElo "2553"]
[PlyCount "64"]
[EventDate "2011.06.18"]
[EventType "swiss"]
[EventRounds "9"]
[EventCountry "CRO"]
[Source "lmi"]
[SourceDate "2011.06.18"]

1. d4 Nf6 2. c4 g6 3. Nc3 Bg7 4. e4 d6 5. Nf3 O-O 6. h3 e5 7. d5 Na6 8. Bg5 Qe8
9. g4 Kh8 10. Nd2 Ng8 11. Be3 Qe7 12. f3 f5 13. h4 fxg4 14. fxg4 Bd7 15. g5 Rf4
16. Bxf4 exf4 17. Qf3 h5 18. Bh3 Nc5 19. O-O-O Rf8 20. Kc2 Ba4+ 21. Nb3 Qe5 22.
Rhe1 Ne7 23. Rd2 c6 24. Qf2 f3 25. Re3 Rf4 26. Rxf3 Nxe4 27. Rxf4 Nxf2 28.
Rdxf2 Bxb3+ 29. Kxb3 cxd5 30. Rf7 dxc4+ 31. Kc2 Nc6 32. Rxb7 Qe1 0-1

[Event "25. Open Pula 2011"]
[Site "Pula CRO"]
[Date "2011.06.20"]
[Round "3.5"]
[White "Kuljasevic, Davorin"]
[Black "Hagesaether, Halvard"]
[Result "1-0"]
[WhiteElo "2537"]
[BlackElo "2276"]
[PlyCount "73"]
[EventDate "2011.06.18"]
[EventType "swiss"]
[EventRounds "9"]
[EventCountry "CRO"]
[Source "lmi"]
[SourceDate "2011.06.18"]

1. d4 Nf6 2. c4 e5 3. dxe5 Ne4 4. Qc2 Bb4+ 5. Nc3 d5 6. e3 Bf5 7. Qb3 Bxc3+ 8.
bxc3 dxc4 9. Qxc4 O-O 10. Nf3 Nc6 11. Be2 Qe7 12. Nd4 Qxe5 13. f3 Nd6 14. Nxc6
Nxc4 15. Nxe5 Nxe5 16. e4 Bd7 17. Be3 Bc6 18. O-O-O Rad8 19. Rd4 Rde8 20. g4
Nd7 21. Rhd1 Nc5 22. h4 Ne6 23. R4d2 Rd8 24. Rxd8 Nxd8 25. e5 b6 26. f4 Re8 27.
Bc4 Kf8 28. f5 Nb7 29. Bf4 Bf3 30. Rd7 Re7 31. Rxe7 Kxe7 32. g5 Nc5 33. Be3 Nd7
34. f6+ Kf8 35. e6 fxe6 36. Bxe6 Ne5 37. fxg7+ 1-0

[Event "25. Open Pula 2011"]
[Site "Pula CRO"]
[Date "2011.06.20"]
[Round "3.6"]
[White "Cherin, Diego"]
[Black "Antal, Gergely"]
[Result "1/2-1/2"]
[WhiteElo "2265"]
[BlackElo "2530"]
[PlyCount "106"]
[EventDate "2011.06.18"]
[EventType "swiss"]
[EventRounds "9"]
[EventCountry "CRO"]
[Source "lmi"]
[SourceDate "2011.06.18"]

1. e4 c5 2. Nf3 Nc6 3. d4 cxd4 4. Nxd4 Nf6 5. Nc3 e5 6. Ndb5 d6 7. Bg5 a6 8.
Na3 b5 9. Nd5 Be7 10. Bxf6 Bxf6 11. c4 b4 12. Nc2 Rb8 13. b3 Bg5 14. Be2 O-O
15. O-O Be6 16. Qd3 a5 17. Rfd1 g6 18. Nde3 Qb6 19. g3 Rbd8 20. Nd5 Qa7 21. h4
Bh6 22. Nf6+ Kh8 23. Qf3 Bg7 24. g4 Qc5 25. g5 Nd4 26. Nxd4 exd4 27. Qd3 Qe5
28. Qxd4 Qf4 29. e5 Qxd4 30. Rxd4 dxe5 31. Re4 Rd2 32. Rxe5 Rfd8 33. Bf3 a4 34.
c5 Rc2 35. Be4 Rc3 36. bxa4 Bf8 37. c6 Bc5 38. c7 Rc8 39. Rd1 Bf8 40. Bb7 R3xc7
41. Bxc8 Rxc8 42. Rd2 Be7 43. Rxe6 fxe6 44. Rd7 Bxf6 45. gxf6 Kg8 46. Rg7+ Kf8
47. Rxh7 Rc2 48. Rb7 Rxa2 49. Rxb4 Kf7 50. Rf4 e5 51. Re4 Kxf6 52. f4 Kf5 53.
Rxe5+ Kxf4 1/2-1/2

[Event "25. Open Pula 2011"]
[Site "Pula CRO"]
[Date "2011.06.20"]
[Round "3.8"]
[White "Tratar, Marko"]
[Black "Astrup, Kim"]
[Result "1-0"]
[WhiteElo "2489"]
[BlackElo "2256"]
[PlyCount "61"]
[EventDate "2011.06.18"]
[EventType "swiss"]
[EventRounds "9"]
[EventCountry "CRO"]
[Source "lmi"]
[SourceDate "2011.06.18"]

1. Nf3 d6 2. c4 f5 3. d4 Nf6 4. g3 g6 5. Bg2 Bg7 6. b3 O-O 7. Bb2 Ne4 8. Nbd2
Nc6 9. Nxe4 fxe4 10. Ng5 e5 11. Nxe4 Nxd4 12. e3 Nf5 13. Qd5+ Kh8 14. Qd2 Rb8
15. Nc3 Be6 16. Rd1 Qg5 17. O-O a6 18. Qc2 Qh5 19. c5 dxc5 20. Nd5 c4 21. Nxc7
cxb3 22. Qe4 Nxg3 23. hxg3 Bg4 24. f3 Bf5 25. g4 Bxe4 26. gxh5 Bf5 27. e4 Bc8
28. h6 Bxh6 29. Bxe5+ Kg8 30. axb3 Be3+ 31. Kh2 1-0